Catálogo
 En Linea

Santas y meretrices : (Registro nro. 39097)

Detalles MARC
000 -CABECERA
campo de control de longitud fija 00829nam a2200217 a 4500
001 - NÚMERO DE CONTROL
campo de control 000039607
005 - FECHA Y HORA DE LA ÚLTIMA TRANSACCIÓN
campo de control 20201002033638.0
008 - DATOS DE LONGITUD FIJA--INFORMACIÓN GENERAL
campo de control de longitud fija 130711s2011 dr a 000 0 spa d
020 ## - NÚMERO INTERNACIONAL ESTÁNDAR DEL LIBRO
Número Internacional Estándar del Libro 978937734859
040 ## - FUENTE DE LA CATALOGACIÓN
Centro catalogador/agencia de origen DO-SdBNP
Lengua de catalogación spa
Centro/agencia transcriptor BNPHU
100 1# - ENTRADA PRINCIPAL--NOMBRE DE PERSONA
Nombre de persona Delicado Puerto, Gemma
9 (RLIN) 65770
245 10 - MENCIÓN DE TÍTULO
Título Santas y meretrices :
Resto del título herederas de la magdalena en la literatura de los siglos de oro y la escena inglesa /
Mención de responsabilidad, etc. Gemma Delicado Puerto ; prólogo Frederick A. de Armas.
260 ## - PUBLICACIÓN, DISTRIBUCIÓN, ETC.
Lugar de publicación, distribución, etc. Madrid :
Nombre del editor, distribuidor, etc. Kassel,
Fecha de publicación, distribución, etc. 2011.
300 ## - DESCRIPCIÓN FÍSICA
Extensión 203 p. :
Otras características físicas ils. ;
Dimensiones 25 cm.
490 1# - MENCIÓN DE SERIE
Mención de serie Estudios de Literatura
Designación de volumen o secuencia no. 115
500 ## - NOTA GENERAL
Nota general Incluye índice onomástico
500 ## - NOTA GENERAL
Nota general Incluye notas al pie de las páginas
504 ## - NOTA DE BIBLIOGRAFÍA, ETC.
Nota de bibliografía, etc. Bibliografía : p. 185-197
700 1# - PUNTO DE ACCESO ADICIONAL--NOMBRE DE PERSONA
Nombre de persona Armas, Frederick A. de,
Término indicativo de función/relación pról.
9 (RLIN) 65771
830 #0 - PUNTO DE ACCESO ADICIONAL DE SERIE-TÍTULO UNIFORME
Título uniforme Estudios de Literatura
Número de parte o sección de la obra 115
9 (RLIN) 65772
Existencias
Estado de retiro Estado de pérdida No para préstamo Código de colección Localización permanente Ubicación/localización actual Ubicación en estantería Fecha de adquisición Número de inventario Total de préstamos Signatura topográfica completa Código de barras Fecha visto por última vez Precio válido a partir de Tipo de ítem Koha
    Excluido de préstamo Patrimonio Dominicano General General En catalogación 11.07.2013 LF1   39607-10 25.06.2020 25.06.2020 Libro y Folleto Colección Patrimonio Dominicano

Con tecnología Koha